Paesi nominati nella pagina Wikipedia della Slovenia - Statistics

Statistiche generali
  • Questo quiz è stato fatto 13 volte
  • Il punteggio medio è 7 su 8
Statistiche sulle risposte
Volte in cui viene nominato Indizio (basato sul motivo per cui lo stato è nominato nella pagina Wikipedia) Paese % Corretto
6 Paese confinante Austria
100%
8 Paese confinante Croazia
100%
1 Tra le repubbliche ex iugoslave, solo questa è meno estesa della Slovenia Montenegro
100%
8 Paese confinante Italia
91%
5 Paese confinante Ungheria
91%
3 I fiumi Sava e Drava, che attraversano la Slovenia, sfociano nel Danubio in questo paese Serbia
82%
1 La Slovenia dispone di un collegamento ferroviario con questo paese Germania
73%
1 La sciatrice slovena Ilka Stuhec vinse l'oro mondiale nella discesa libera nel 2007 in questo paese Svizzera
73%
Nessun quiz corrispondente trovato
Distribuzione punteggi
Percentuale di utenti per punteggio
Percentile per numero di risposta
I tuoi punteggi nel tempo
Non hai fatto questo quiz